000 01043cad a22002415a 4500
001 E153853
008 110913s2010 xxk f 000 0 eng d
035 _a(Sirsi) u153853
041 0 _aeng
100 1 _aHeath, Nicholas
245 0 0 _aSlim-profile double glazing
_bthermal performance and embodied energy
_h[electronic resource]
260 _aEdinburgh
_bHistoric Scotland
_c2010
490 0 _aHistoric Scotland Technical Paper
_v(9)
520 _aPresents the results of three research studies looking at the thermal performance and embodied energy of slim-profile double glazing.
590 _aKA
651 4 _aScotland
_y1999-
690 _aBUILT ENVIRONMENT-BUILDING MAINTENANCE AND REFURBISHMENT-BUILDING CONSERVATION
690 _aENVIRONMENTAL AND LAND CONSULTANCY-ENERGY-ENERGY USE-ENERGY EFFICIENCY
700 1 _aBaker, Paul
700 1 _aMenzies, Gillian
856 4 0 _uhttps://www.historic-scotland.gov.uk/slim-profile_double_glazing_2010.pdf
_zView the paper free of charge at www.historic-scotland.gov.uk
942 _n0
999 _c112727
_d112727